[Event "Titled Tuesday intern op 20th May Late"]
[Site "Chess.com INT"]
[Date "2025.05.20"]
[Round "9"]
[White "Nguyen, Ngoc Truong Son"]
[Black "Panarin, Mikhail"]
[Result "0-1"]
[WhiteElo "2632"]
[BlackElo "2562"]
[PlyCount "86"]
[EventDate "2025.05.20"]
[EventType "swiss (blitz)"]
[EventRounds "11"]
[EventCountry "USA"]
[SourceTitle "CB22_2025"]
[SourceDate "2025.05.28"]
[SourceVersion "1"]
[SourceVersionDate "2025.05.28"]
[SourceQuality "1"]

1. e4 c6 2. d4 d5 3. e5 c5 4. c4 e6 5. Nf3 Nc6 6. Nc3 cxd4 7. Nxd4 Nge7 8. Nxc6 bxc6 9. Be2 Ng6 10. f4 f6 11. cxd5 exd5 12. 0-0 Be7 13. exf6 Bxf6 14. f5 Ne5 15. Bh5+ g6 16. Bf4 0-0 17. fxg6 hxg6 18. Be2 Bg7 19. Kh1 Bf5 20. Na4 Qe7 21. Rc1 Rae8 22. Nc5 Kh7 23. b4 Nd7 24. Bd3 Nxc5 25. bxc5 Bxd3 26. Qxd3 Qe4 27. Qh3+ Kg8 28. Qg3 Qe6 29. h3 Rf5 30. Rce1 Qf7 31. Rxe8+ Qxe8 32. Re1 Qf7 33. Bd6 Rf1+ 34. Kh2 Rxe1 35. Qxe1 Bf6 36. Qb4 Kg7 37. Qa4 Qd7 38. Qf4 Qe6 39. a4 d4 40. Qf3 Be5+ 41. Bxe5+ Qxe5+ 42. g3 Qxc5 43. Qe4 Qd6 0-1

[Event "Titled Tuesday intern op 20th May Late"]
[Site "Chess.com INT"]
[Date "2025.05.20"]
[Round "8"]
[White "Schnaider, Ilan"]
[Black "Nguyen, Ngoc Truong Son"]
[Result "0-1"]
[WhiteElo "2388"]
[BlackElo "2632"]
[PlyCount "68"]
[EventDate "2025.05.20"]
[EventType "swiss (blitz)"]
[EventRounds "11"]
[EventCountry "USA"]
[SourceTitle "CB22_2025"]
[SourceDate "2025.05.28"]
[SourceVersion "1"]
[SourceVersionDate "2025.05.28"]
[SourceQuality "1"]

1. e4 e5 2. Nf3 Nc6 3. Bc4 Bc5 4. d3 Nf6 5. Be3 Bb6 6. 0-0 0-0 7. Nbd2 d5 8. exd5 Nxd5 9. Bxb6 axb6 10. Bb5 Bg4 11. h3 Bh5 12. g4 Bg6 13. Bxc6 bxc6 14. Nxe5 Nf4 15. Qf3 Qg5 16. Ndc4 f5 17. Kh2 b5 18. Nxg6 Nxg6 19. Ne3 Ne5 20. Qg2 f4 21. Nf5 h5 22. f3 hxg4 23. fxg4 g6 24. Nd4 f3 25. Qg3 Rae8 26. Rf2 Rf4 27. Nxf3 Nxf3+ 28. Rxf3 Re2+ 29. Kg1 Rxf3 30. Qxf3 Qe5 31. Kf1 Re3 32. Qf2 Rxh3 33. Re1 Rh1+ 34. Kg2 Rxe1 0-1

[Event "Asia-ch"]
[Site "Al Ain"]
[Date "2025.05.15"]
[Round "9"]
[White "Nguyen, Ngoc Truong Son"]
[Black "Movahed, Sina"]
[Result "0-1"]
[WhiteElo "2632"]
[BlackElo "2518"]
[PlyCount "104"]
[EventDate "2025.05.07"]
[EventType "swiss"]
[EventRounds "9"]
[EventCountry "UAE"]
[SourceTitle "CB21_2025"]
[SourceDate "2025.05.21"]
[SourceVersion "1"]
[SourceVersionDate "2025.05.21"]
[SourceQuality "1"]

1. d4 Nf6 2. c4 e6 3. Nf3 d5 4. g3 Bb4+ 5. Bd2 Be7 6. Bg2 0-0 7. 0-0 c6 8. Qc2 Nbd7 9. Rd1 a5 10. Bf4 a4 11. Nbd2 Nh5 12. Be3 b5 13. cxb5 cxb5 14. Rac1 Ba6 15. Ne5 Rc8 16. Nc6 Qe8 17. Nxe7+ Qxe7 18. Qb1 b4 19. Bf3 Nhf6 20. Rxc8 Rxc8 21. Rc1 Qd8 22. Bf4 Ne8 23. h4 h6 24. h5 Nb6 25. Rc5 Nd7 26. Rc2 Bb5 27. Qc1 Rxc2 28. Qxc2 Qa8 29. Nf1 Qa6 30. Ne3 b3 31. axb3 axb3 32. Qd2 Nef6 33. g4 Ne4 34. Bxe4 dxe4 35. Kf1 Nf6 36. Be5 Nd7 37. Bf4 Nb6 38. g5 hxg5 39. Bxg5 f6 40. Bf4 Kh7 41. Qd1 Nc4 42. Qc1 Nxb2 43. Qxb2 Bxe2+ 44. Kg2 Qa2 45. Qxa2 bxa2 46. Nc2 Bxh5 47. Kf1 g5 48. Bc1 Bd1 49. Na1 Kg6 50. Ke1 Ba4 51. Kd2 f5 52. Kc3 f4 0-1

[Event "Asia-ch"]
[Site "Al Ain"]
[Date "2025.05.14"]
[Round "8"]
[White "Lou, Yiping"]
[Black "Nguyen, Ngoc Truong Son"]
[Result "1/2-1/2"]
[WhiteElo "2467"]
[BlackElo "2632"]
[PlyCount "95"]
[EventDate "2025.05.07"]
[EventType "swiss"]
[EventRounds "9"]
[EventCountry "UAE"]
[SourceTitle "CB21_2025"]
[SourceDate "2025.05.21"]
[SourceVersion "1"]
[SourceVersionDate "2025.05.21"]
[SourceQuality "1"]

1. c4 e6 2. Nc3 d5 3. d4 Nf6 4. cxd5 exd5 5. Bg5 c6 6. e3 h6 7. Bh4 Be7 8. Bd3 0-0 9. Bg3 Nbd7 10. h3 Ne8 11. Nge2 Bd6 12. 0-0 Bxg3 13. Nxg3 Nd6 14. Qc2 Re8 15. Rfe1 Nf8 16. Rad1 Be6 17. f3 Qg5 18. Qf2 f5 19. Nge2 Re7 20. Nf4 Rae8 21. Re2 Bf7 22. Rde1 Qf6 23. Qg3 g5 24. h4 Nh7 25. hxg5 hxg5 26. b3 Kh8 27. Nh3 Bg6 28. Qh2 Kg7 29. Nf2 Nf7 30. Bc2 Nf8 31. f4 Ne6 32. fxg5 Qxg5 33. Nh3 Qh4 34. Nf4 Qxh2+ 35. Kxh2 Nd6 36. Kg3 a5 37. Kf2 Rh8 38. Rg1 Bh5 39. Ree1 Bg4 40. Rh1 Rxh1 41. Nxe6+ Rxe6 42. Rxh1 Re8 43. Bd3 Kg6 44. Na4 Bh5 45. Nc5 Kg5 46. Nd7 Re7 47. Ne5 Nf7 48. Nxf7+ 1/2-1/2

[Event "Asia-ch"]
[Site "Al Ain"]
[Date "2025.05.08"]
[Round "2"]
[White "Audi, Ameya"]
[Black "Nguyen, Ngoc Truong Son"]
[Result "0-1"]
[WhiteElo "2408"]
[BlackElo "2632"]
[PlyCount "142"]
[EventDate "2025.05.07"]
[EventType "swiss"]
[EventRounds "9"]
[EventCountry "UAE"]
[SourceTitle "CB21_2025"]
[SourceDate "2025.05.21"]
[SourceVersion "1"]
[SourceVersionDate "2025.05.21"]
[SourceQuality "1"]

1. e4 e5 2. Nf3 Nc6 3. Bc4 Bc5 4. c3 Nf6 5. d3 a5 6. 0-0 d6 7. Re1 0-0 8. h3 Ba7 9. Nbd2 Be6 10. Bb5 Ne7 11. d4 Ng6 12. Bd3 Nh5 13. Nf1 Nhf4 14. Bc2 Qd7 15. Ne3 exd4 16. cxd4 d5 17. exd5 Nxd5 18. Ne5 Qd8 19. a3 c6 20. Nf5 Re8 21. Nf3 Qd7 22. Qd3 Bxf5 23. Rxe8+ Rxe8 24. Qxf5 Qxf5 25. Bxf5 Ngf4 26. Bxf4 Nxf4 27. Kf1 g6 28. Bc2 Rd8 29. Rd1 Ne6 30. Bb3 Nxd4 31. Nxd4 Rxd4 32. Ke2 Re4+ 33. Kf3 Re7 34. g4 Kg7 35. a4 h5 36. Bc4 Bb6 37. b3 Kh6 38. Rd6 Bc7 39. Rd3 Bb6 40. Rd6 hxg4+ 41. hxg4 Kg5 42. Rd2 f6 43. Re2 Rh7 44. Be6 Rh3+ 45. Kg2 Rc3 46. Rd2 Bc5 47. Ra2 Kf4 48. Rb2 b5 49. Ra2 Bd4 50. axb5 cxb5 51. Rd2 Bc5 52. Ra2 Bb6 53. Rb2 Rd3 54. Rc2 Bd4 55. Ra2 a4 56. bxa4 b4 57. Bf7 b3 58. Ra3 Rd2 59. Rxb3 Rxf2+ 60. Kh1 g5 61. Be6 Re2 62. Bf5 Be3 63. Bd3 Rd2 64. Bf5 Kf3 65. Bc8 Rd8 66. Bb7+ Kf2 67. Rb2+ Bd2 68. Rxd2+ Rxd2 69. Kh2 Rd8 70. Bg2 Rh8+ 71. Bh3 f5 0-1

[Event "Titled Tuesday intern op 01st Apr Early"]
[Site "Chess.com INT"]
[Date "2025.04.01"]
[Round "11"]
[White "Nguyen, Ngoc Truong Son"]
[Black "Moldagali, Beksultan"]
[Result "1-0"]
[WhiteElo "2632"]
[BlackElo "2398"]
[PlyCount "45"]
[EventDate "2025.04.01"]
[EventType "swiss (blitz)"]
[EventRounds "11"]
[EventCountry "USA"]
[SourceTitle "CB15_2025"]
[SourceDate "2025.04.09"]
[SourceVersion "1"]
[SourceVersionDate "2025.04.09"]
[SourceQuality "1"]

1. e4 d5 2. exd5 Qxd5 3. Nc3 Qa5 4. Bc4 Nf6 5. d4 Bf5 6. Bd2 c6 7. Nd5 Qd8 8. Nxf6+ gxf6 9. Nf3 e6 10. c3 Nd7 11. Qe2 Bd6 12. Nh4 Bg6 13. 0-0-0 Qc7 14. Bxe6 fxe6 15. Qxe6+ Kd8 16. Nxg6 hxg6 17. Rhe1 Rf8 18. Kb1 b5 19. Bh6 Kc8 20. Bxf8 Bxf8 21. d5 c5 22. Qc6 Rb8 23. Re8# 1-0

[Event "Titled Tuesday intern op 25th Mar Early"]
[Site "Chess.com INT"]
[Date "2025.03.25"]
[Round "3"]
[White "Gong, Qianyun"]
[Black "Nguyen, Ngoc Truong Son"]
[Result "0-1"]
[WhiteElo "2272"]
[BlackElo "2632"]
[PlyCount "58"]
[EventDate "2025.03.25"]
[EventType "swiss (blitz)"]
[EventRounds "11"]
[EventCountry "USA"]
[SourceTitle "CB14_2025"]
[SourceDate "2024.11.01"]
[SourceVersion "1"]
[SourceVersionDate "2024.11.01"]
[SourceQuality "1"]

1. d4 Nf6 2. Nf3 e6 3. g3 d5 4. Bg2 Be7 5. 0-0 0-0 6. c4 dxc4 7. Qc2 a6 8. a4 Bd7 9. Ne5 Bc6 10. Nxc6 Nxc6 11. Rd1 Nxd4 12. Rxd4 Qxd4 13. Bxb7 Rad8 14. Nc3 Ng4 15. e3 Qd3 16. Be4 Qxc2 17. Bxc2 Bb4 18. f3 Ne5 19. Kf2 Nd3+ 20. Bxd3 Rxd3 21. e4 Bxc3 22. bxc3 Rxc3 23. Bf4 Rb8 24. g4 Rbb3 25. Rd1 Rxf3+ 26. Kg2 Rfd3 27. Rc1 c3 28. Bxc7 Rb2+ 29. Kg1 c2 0-1

[Event "Titled Tuesday intern op 25th Mar Early"]
[Site "Chess.com INT"]
[Date "2025.03.25"]
[Round "4"]
[White "Makarian, Rudik"]
[Black "Nguyen, Ngoc Truong Son"]
[Result "0-1"]
[WhiteElo "2547"]
[BlackElo "2632"]
[PlyCount "92"]
[EventDate "2025.03.25"]
[EventType "swiss (blitz)"]
[EventRounds "11"]
[EventCountry "USA"]
[SourceTitle "CB14_2025"]
[SourceDate "2024.11.01"]
[SourceVersion "1"]
[SourceVersionDate "2024.11.01"]
[SourceQuality "1"]

1. d4 Nf6 2. c4 e6 3. Nf3 d5 4. g3 Be7 5. Bg2 0-0 6. Nc3 a6 7. Ne5 c5 8. cxd5 exd5 9. 0-0 Be6 10. dxc5 Bxc5 11. Nd3 Be7 12. Nf4 d4 13. Nxe6 fxe6 14. Ne4 Nxe4 15. Bxe4 Nc6 16. Qc2 h6 17. Bxc6 Rc8 18. Qb3 Rxc6 19. Qxb7 Qc7 20. Qxc7 Rxc7 21. Rd1 e5 22. Bd2 Rc2 23. Rab1 Rb8 24. e3 Rbxb2 25. Rxb2 Rxb2 26. exd4 exd4 27. Bf4 Bf6 28. Rd2 Rb5 29. g4 Kf7 30. Kg2 Ke6 31. Kf3 Kd5 32. Rc2 Ra5 33. Rc7 Ra3+ 34. Kg2 Rxa2 35. Rd7+ Ke4 36. Bc1 a5 37. Kg3 a4 38. f3+ Kd3 39. h4 Ra1 40. Bf4 g5 41. hxg5 hxg5 42. Bd6 a3 43. Ra7 a2 44. Kg2 Kc4 45. Ra4+ Kb5 46. Rb4+ Kc6 0-1

[Event "Titled Tuesday intern op 25th Mar Early"]
[Site "Chess.com INT"]
[Date "2025.03.25"]
[Round "5"]
[White "Nguyen, Ngoc Truong Son"]
[Black "Bok, Benjamin"]
[Result "0-1"]
[WhiteElo "2632"]
[BlackElo "2592"]
[PlyCount "136"]
[EventDate "2025.03.25"]
[EventType "swiss (blitz)"]
[EventRounds "11"]
[EventCountry "USA"]
[SourceTitle "CB14_2025"]
[SourceDate "2024.11.01"]
[SourceVersion "1"]
[SourceVersionDate "2024.11.01"]
[SourceQuality "1"]

1. d4 Nf6 2. Nf3 d5 3. c4 e6 4. Nc3 c6 5. e3 Nbd7 6. Qc2 Bd6 7. Be2 0-0 8. 0-0 dxc4 9. Bxc4 b5 10. Be2 Bb7 11. e4 e5 12. dxe5 Nxe5 13. Nd4 Re8 14. Nf5 Bc5 15. Bg5 Qb6 16. Bxf6 gxf6 17. Qd2 Bf8 18. Qf4 Ng6 19. Qg4 Qc7 20. Rad1 Rad8 21. h4 Qf4 22. h5 Qxg4 23. Bxg4 Ne5 24. Be2 b4 25. Nb1 c5 26. Nd2 c4 27. Nxc4 Nxc4 28. Bxc4 Bxe4 29. Ng3 Bc2 30. Rxd8 Rxd8 31. Rc1 Rd1+ 32. Rxd1 Bxd1 33. Kf1 Bd6 34. Nf5 Be5 35. b3 Bxh5 36. Ne7+ Kf8 37. Nc6 Bc3 38. Nxa7 Bg6 39. Nb5 Be5 40. a4 bxa3 41. Nxa3 Ke7 42. Ke2 Be4 43. f3 Bc6 44. Bd3 h5 45. Be4 Bd7 46. Nc4 Be6 47. Nxe5 fxe5 48. b4 f5 49. Bc2 Kd6 50. Kf2 f4 51. g3 Kc6 52. Bd3 Bd5 53. gxf4 exf4 54. Be4 Bxe4 55. fxe4 h4 56. Kg2 Kd6 57. b5 Kc5 58. e5 Kxb5 59. e6 Kc6 60. e7 Kd7 61. e8Q+ Kxe8 62. Kf3 h3 63. Kf2 Kf7 64. Kg1 Kg6 65. Kh2 Kf5 66. Kxh3 Ke4 67. Kg2 Ke3 68. Kf1 Kf3 0-1

[Event "Titled Tuesday intern op 25th Mar Early"]
[Site "Chess.com INT"]
[Date "2025.03.25"]
[Round "8"]
[White "Nguyen, Ngoc Truong Son"]
[Black "Burmakin, Vladimir"]
[Result "0-1"]
[WhiteElo "2632"]
[BlackElo "2435"]
[PlyCount "82"]
[EventDate "2025.03.25"]
[EventType "swiss (blitz)"]
[EventRounds "11"]
[EventCountry "USA"]
[SourceTitle "CB14_2025"]
[SourceDate "2024.11.01"]
[SourceVersion "1"]
[SourceVersionDate "2024.11.01"]
[SourceQuality "1"]

1. e4 c6 2. d4 d5 3. e5 Bf5 4. g4 Bd7 5. Nc3 e6 6. Be3 c5 7. dxc5 Qc7 8. f4 Bxc5 9. Bxc5 Qxc5 10. Qd2 h5 11. g5 Ne7 12. Nf3 a6 13. 0-0-0 g6 14. Kb1 Qc7 15. Bd3 Nbc6 16. Ne2 b5 17. Ned4 Nxd4 18. Nxd4 Nc6 19. Nxc6 Qxc6 20. Rhg1 a5 21. Rg3 b4 22. Rc1 0-0 23. Rh3 Kg7 24. Qe3 Rfc8 25. Qd4 Qc5 26. Qxc5 Rxc5 27. Rf3 Rac8 28. Rf2 Bb5 29. Rff1 Kf8 30. Rcd1 Ke7 31. Rd2 Kd7 32. Rfd1 Bxd3 33. cxd3 a4 34. b3 a3 35. Rf1 Rc3 36. h4 R8c6 37. Rfd1 Kc7 38. Re1 Kb6 39. Red1 Kc5 40. d4+ Kb6 41. Rf1 Rh3 0-1

[Event "Titled Tuesday intern op 25th Mar Early"]
[Site "Chess.com INT"]
[Date "2025.03.25"]
[Round "2"]
[White "Nguyen, Ngoc Truong Son"]
[Black "Kjartansson, Gudmundur"]
[Result "1-0"]
[WhiteElo "2632"]
[BlackElo "2451"]
[PlyCount "97"]
[EventDate "2025.03.25"]
[EventType "swiss (blitz)"]
[EventRounds "11"]
[EventCountry "USA"]
[SourceTitle "CB14_2025"]
[SourceDate "2024.11.01"]
[SourceVersion "1"]
[SourceVersionDate "2024.11.01"]
[SourceQuality "1"]

1. e4 e5 2. Nf3 Nc6 3. Bb5 a6 4. Ba4 Nf6 5. d3 b5 6. Bb3 Bc5 7. Nc3 d6 8. Bg5 h6 9. Bh4 Bg4 10. h3 Bxf3 11. Qxf3 Nd4 12. Qd1 Nxb3 13. axb3 g5 14. Bg3 h5 15. h4 g4 16. Qd2 Qd7 17. f4 gxf3 18. gxf3 Rg8 19. Bf2 Rg2 20. Nd1 Ke7 21. Ne3 Bxe3 22. Qxe3 Qc6 23. 0-0-0 a5 24. d4 a4 25. dxe5 dxe5 26. Qc5+ Qxc5 27. Bxc5+ Ke6 28. b4 a3 29. b3 Nd7 30. Be3 Re2 31. Rhe1 a2 32. Kb2 a1Q+ 33. Rxa1 Rxa1 34. Rxe2 Rh1 35. Bf2 Rh3 36. Re3 Rh2 37. Be1 Nf8 38. Rc3 Kd6 39. Rc5 c6 40. Bg3 Rh3 41. Bxe5+ Kd7 42. Rc3 Ng6 43. Rd3+ Ke6 44. Bc7 Nxh4 45. Rd6+ Ke7 46. f4 Nf3 47. e5 h4 48. Bd8+ Ke8 49. Bf6 1-0

[Event "Titled Tuesday intern op 11th Mar Early"]
[Site "Chess.com INT"]
[Date "2025.03.11"]
[Round "2"]
[White "Nguyen, Ngoc Truong Son"]
[Black "Hajialiyev, Islam"]
[Result "0-1"]
[WhiteElo "2632"]
[BlackElo "2109"]
[PlyCount "124"]
[EventDate "2025.03.11"]
[EventType "swiss (blitz)"]
[EventRounds "11"]
[EventCountry "USA"]
[SourceTitle "CB12_2025"]
[SourceDate "2025.03.19"]
[SourceVersion "1"]
[SourceVersionDate "2025.03.19"]
[SourceQuality "1"]

1. d4 Nf6 2. c4 e6 3. Nf3 b6 4. Nc3 Bb4 5. Bd2 c5 6. e3 Bb7 7. a3 Bxc3 8. Bxc3 d6 9. Bd3 Ne4 10. Qc2 Nxc3 11. Qxc3 Qf6 12. e4 cxd4 13. Nxd4 Nc6 14. Nb5 Qxc3+ 15. Nxc3 Ke7 16. 0-0-0 Rac8 17. b3 Rhd8 18. Kb2 g5 19. f3 Ne5 20. Be2 Ng6 21. Rhe1 h5 22. Rd2 Bc6 23. Bd3 h4 24. g3 Rh8 25. Bc2 hxg3 26. hxg3 Rh3 27. Nd5+ Kf8 28. Nb4 Rxg3 29. Rxd6 Ne5 30. Rf1 Ke7 31. Rfd1 Rxf3 32. Nxc6+ Rxc6 33. Rd8 g4 34. Rg8 Rd6 35. Rg5 Rxd1 36. Bxd1 Rf2+ 37. Kc3 f5 38. exf5 exf5 39. b4 Rf4 40. Be2 Re4 41. Bf1 Kf6 42. Rg8 Re1 43. Bg2 Rc1+ 44. Kd4 Rxc4+ 45. Kd5 Rc2 46. Rf8+ Nf7 47. Bf1 Rd2+ 48. Kc6 Kg7 49. Re8 g3 50. Bh3 g2 51. Re1 f4 52. Kb7 f3 53. Rg1 Ng5 54. Bc8 Kf6 55. Kxa7 Rd8 56. Ba6 Nh3 57. Rc1 g1Q 58. Rxg1 Nxg1 59. a4 Ne2 60. Bc4 Rc8 61. Bb5 Rc2 62. Kxb6 f2 0-1

[Event "Titled Tuesday intern op 25th Feb Early"]
[Site "Chess.com INT"]
[Date "2025.02.25"]
[Round "3"]
[White "Dushyant, Sharma"]
[Black "Nguyen, Ngoc Truong Son"]
[Result "1/2-1/2"]
[WhiteElo "2313"]
[BlackElo "2632"]
[PlyCount "47"]
[EventDate "2025.02.25"]
[EventType "swiss (blitz)"]
[EventRounds "11"]
[EventCountry "USA"]
[SourceTitle "CB10_2025"]
[SourceDate "2025.03.05"]
[SourceVersion "1"]
[SourceVersionDate "2025.03.05"]
[SourceQuality "1"]

1. e4 e5 2. Nf3 Nc6 3. Nc3 Nf6 4. Bb5 Bb4 5. 0-0 Bxc3 6. bxc3 0-0 7. Re1 d6 8. d4 Qe7 9. Bg5 h6 10. Bh4 Bg4 11. h3 Bxf3 12. Qxf3 exd4 13. Bxc6 bxc6 14. cxd4 g5 15. Bg3 Nd7 16. c4 Qe6 17. d5 cxd5 18. cxd5 Qg6 19. Rac1 Rac8 20. Rc6 Nb8 21. Rc4 Nd7 22. Rc6 Nb8 23. Rc4 Nd7 24. Rc6 1/2-1/2

[Event "Titled Tuesday intern op 25th Feb Early"]
[Site "Chess.com INT"]
[Date "2025.02.25"]
[Round "4"]
[White "Nguyen, Ngoc Truong Son"]
[Black "Urbina Perez, Juan Antonio"]
[Result "1-0"]
[WhiteElo "2632"]
[BlackElo "2248"]
[PlyCount "37"]
[EventDate "2025.02.25"]
[EventType "swiss (blitz)"]
[EventRounds "11"]
[EventCountry "USA"]
[SourceTitle "CB10_2025"]
[SourceDate "2025.03.05"]
[SourceVersion "1"]
[SourceVersionDate "2025.03.05"]
[SourceQuality "1"]

1. d4 d5 2. f3 e6 3. Nc3 c5 4. dxc5 Bxc5 5. e4 Nf6 6. e5 Nfd7 7. f4 Nc6 8. Nf3 Qb6 9. Bd3 Bf2+ 10. Kf1 Bc5 11. Na4 Qa5 12. Nxc5 Qxc5 13. Qe2 b6 14. Be3 d4 15. Bf2 Bb7 16. c3 Qa5 17. Nxd4 0-0 18. Qe4 g6 19. Nxc6 1-0

[Event "Chessable Masters Play In"]
[Site "Chess.com INT"]
[Date "2025.02.17"]
[Round "4"]
[White "Le, Tuan Minh"]
[Black "Nguyen, Ngoc Truong Son"]
[Result "0-1"]
[WhiteElo "2598"]
[BlackElo "2632"]
[PlyCount "52"]
[EventDate "2025.02.17"]
[EventType "swiss (blitz)"]
[EventRounds "9"]
[EventCountry "USA"]
[SourceTitle "CB08_2025"]
[SourceDate "2025.02.19"]
[SourceVersion "1"]
[SourceVersionDate "2025.02.19"]
[SourceQuality "1"]

1. d4 Nf6 2. Nf3 d5 3. Bf4 c5 4. c3 cxd4 5. cxd4 e6 6. e3 Bd6 7. Bg3 0-0 8. Nc3 b6 9. Rc1 Bb7 10. Bd3 Nc6 11. a3 h6 12. Qe2 Rc8 13. 0-0 Bxg3 14. hxg3 Qd6 15. Rc2 Nd7 16. Rfc1 Na5 17. Nb5 Qb8 18. g4 g6 19. Rxc8 Rxc8 20. Rxc8+ Bxc8 21. Qc2 Ba6 22. g3 Kg7 23. a4 Nb7 24. Qc6 Qd8 25. Kg2 Nb8 26. Qd6 Nxd6 0-1

[Event "Titled Tuesday intern op 11th Feb Early"]
[Site "Chess.com INT"]
[Date "2025.02.11"]
[Round "11"]
[White "Gasparyan, Davit"]
[Black "Nguyen, Ngoc Truong Son"]
[Result "0-1"]
[WhiteElo "2203"]
[BlackElo "2632"]
[PlyCount "78"]
[EventDate "2025.02.11"]
[EventType "swiss (blitz)"]
[EventRounds "11"]
[EventCountry "USA"]
[SourceTitle "CB09_2025"]
[SourceDate "2025.02.27"]
[SourceVersion "1"]
[SourceVersionDate "2025.02.27"]
[SourceQuality "1"]

1. e4 c5 2. Nc3 a6 3. g3 b5 4. Bg2 Bb7 5. Nh3 f5 6. d3 Nf6 7. Nf4 e5 8. Nfe2 b4 9. Nd5 Bxd5 10. exd5 d6 11. 0-0 Nbd7 12. c3 a5 13. d4 Be7 14. Be3 0-0 15. dxc5 Nxc5 16. Bxc5 dxc5 17. d6 Qxd6 18. Bxa8 Rxa8 19. Qxd6 Bxd6 20. Rfd1 Ra6 21. f3 Kf7 22. a3 b3 23. c4 e4 24. Nc3 Be5 25. Na4 exf3 26. Nxc5 Rc6 27. Nd7 Bxb2 28. Rab1 Bc3 29. Nxf6 Kxf6 30. Rxb3 Rxc4 31. Kf2 a4 32. Rb6+ Kg5 33. Kxf3 Bd4 34. Rd3 Bxb6 35. Rd6 Rc3+ 36. Kg2 Rc2+ 37. Kh3 Bg1 38. g4 fxg4+ 39. Kg3 Bxh2# 0-1

[Event "Titled Tuesday intern op 11th Feb Early"]
[Site "Chess.com INT"]
[Date "2025.02.11"]
[Round "6"]
[White "Nguyen, Ngoc Truong Son"]
[Black "Skliarov, Viktor"]
[Result "0-1"]
[WhiteElo "2632"]
[BlackElo "2340"]
[PlyCount "106"]
[EventDate "2025.02.11"]
[EventType "swiss (blitz)"]
[EventRounds "11"]
[EventCountry "USA"]
[SourceTitle "CB08_2025"]
[SourceDate "2025.02.19"]
[SourceVersion "1"]
[SourceVersionDate "2025.02.19"]
[SourceQuality "1"]

1. e4 c5 2. Nf3 Nc6 3. Bb5 e6 4. Bxc6 bxc6 5. d3 Ne7 6. h4 h5 7. Nbd2 Ng6 8. e5 f6 9. Nc4 Ba6 10. Qe2 Bxc4 11. dxc4 Qc7 12. exf6 gxf6 13. b3 Kf7 14. Bb2 Nf4 15. Qf1 Bh6 16. g3 Qa5+ 17. Kd1 Ng6 18. Qd3 d5 19. Ke2 Rad8 20. Qc3 Qxc3 21. Bxc3 e5 22. Rad1 e4 23. Ng5+ fxg5 24. Bxh8 Nxh8 25. hxg5 Bxg5 26. Rxh5 Kg6 27. Rxh8 Rxh8 28. cxd5 cxd5 29. Rxd5 Rh2 30. Rd6+ Kf7 31. Rd5 Bf6 32. Rxc5 Bd4 33. Rf5+ Ke6 34. Rf4 Ke5 35. Ke1 e3 36. fxe3 Bc3+ 37. Kd1 Rd2+ 38. Kc1 Rg2 39. Rf1 Rxg3 40. a3 a5 41. Rd1 Rxe3 42. Kb1 Re1 43. Rxe1+ Bxe1 44. Kb2 Kd4 45. b4 a4 46. Kb1 Bc3 47. Kc1 Ke3 48. Kb1 Kd2 49. b5 Bd4 50. Ka2 Kxc2 51. b6 Bxb6 52. Ka1 Kb3 53. Kb1 Kxa3 0-1